5HLuxD.jpg

KING HENRY VIII SENIOR AND PRIMARY SCHOOL LIBRARY OPAC

Hunter killer / (Record no. 4592)

000 -LEADER
fixed length control field 01982nam a2200337 i 4500
001 - CONTROL NUMBER
control field ocm000053188065
003 - CONTROL NUMBER IDENTIFIER
control field AuCNLKIN
005 - DATE AND TIME OF LATEST TRANSACTION
control field 20250304110606.0
007 - PHYSICAL DESCRIPTION FIXED FIELD--GENERAL INFORMATION
fixed length control field ta
008 - FIXED-LENGTH DATA ELEMENTS--GENERAL INFORMATION
fixed length control field 150114s2014 enk e 000 f eng d
020 ## - INTERNATIONAL STANDARD BOOK NUMBER
International Standard Book Number 9781444753646
040 ## - CATALOGING SOURCE
Original cataloging agency SALS
Language of cataloging eng
Transcribing agency SALS
Description conventions rda
Modifying agency WWBK
-- CaOL
-- KH8
082 ## - DEWEY DECIMAL CLASSIFICATION NUMBER
Classification number FIC RYA
100 1# - MAIN ENTRY--PERSONAL NAME
Personal name Ryan, Chris,
Dates associated with a name 1961-
Relator term author.
245 10 - TITLE STATEMENT
Title Hunter killer /
Statement of responsibility, etc. Chris Ryan.
264 #1 - PRODUCTION, PUBLICATION, DISTRIBUTION, MANUFACTURE, AND COPYRIGHT NOTICE
Place of production, publication, distribution, manufacture London :
Name of producer, publisher, distributor, manufacturer Coronet,
Date of production, publication, distribution, manufacture, or copyright notice 2014.
300 ## - PHYSICAL DESCRIPTION
Extent 424 pages ;
Dimensions 24 cm.
336 ## - CONTENT TYPE
Content type term text
Source rdacontent.
337 ## - MEDIA TYPE
Media type term unmediated
Source rdamedia.
338 ## - CARRIER TYPE
Carrier type term volume
Source rdacarrier.
490 1# - SERIES STATEMENT
Series statement Danny Black ;
Volume/sequential designation 2.
500 ## - GENERAL NOTE
General note "The law of the jungle, London style"--Cover.
520 ## - SUMMARY, ETC.
Summary, etc. Following a suicide bombing in central London, series SAS hero Danny Black is recruited to be part of an assassination squad, directed by a joint MI5/MI6/CIA committee and tasked with hunting down and killing the terrorist cells believed to be planning further atrocities. Early leads take them to a North London mosque and a one-armed hate cleric, whom the Home Secretary repeatedly tries and fails to expel from the country, a sleazy Saudi prince living in a Park Lane Hotel - on the surface a devout Muslim, he devotes himself to booze, drugs and hookers as soon as his family are out of the building - and a grizzled ex-Regiment guy who is spreading rumours that Diana was assassinated by the SAS in the tunnel in Paris because of her Arab lover. The trail of clues takes Danny to a training camp in the Yemen, but just as he has the enemy in his sights, he discovers that they are somehow one step ahead of him, and he begins to suspect that they are being topped off by someone close to home.
610 10 - SUBJECT ADDED ENTRY--CORPORATE NAME
Corporate name or jurisdiction name as entry element Great Britain.
Subordinate unit Army.
-- Special Air Service
Form subdivision Fiction.
650 #0 - SUBJECT ADDED ENTRY--TOPICAL TERM
Topical term or geographic name entry element Terrorists
Form subdivision Fiction.
650 #0 - SUBJECT ADDED ENTRY--TOPICAL TERM
Topical term or geographic name entry element Terrorism
Form subdivision Fiction.
650 #7 - SUBJECT ADDED ENTRY--TOPICAL TERM
Topical term or geographic name entry element Thrillers (Fiction)
Source of heading or term genre.
651 #0 - SUBJECT ADDED ENTRY--GEOGRAPHIC NAME
Geographic name London (England)
Form subdivision Fiction.
830 #0 - SERIES ADDED ENTRY--UNIFORM TITLE
Uniform title Danny Black ;
Volume/sequential designation 2.
942 ## - ADDED ENTRY ELEMENTS (KOHA)
Source of classification or shelving scheme
Koha item type Books - Fiction
Holdings
Withdrawn status Lost status Source of classification or shelving scheme Damaged status Not for loan Collection code Permanent Location Current Location Shelving location Date acquired Full call number Barcode Date last seen Price effective from Koha item type
          Fiction KH8 Senior School Library KH8 Senior School Library Fiction 2025-03-04 FIC RYA 3KHSL000102234 2025-03-04 2025-03-04 Books - Fiction

Powered By KH8 IT Dept